Международные интеграционные процессы и международные организации: учебное пособие

Dades bibliogràfiques
Autor principal: Черный В. А. Виктор Алексеевич
Autor corporatiu: Томский политехнический университет
Sumari:Предлагаемое читателю учебное пособие включает основные темы курса «Международные интеграционные процессы и международные организации». В нем отражено многообразие концептуальных подходов различных исследователей по рассматриваемым проблемам. Данное учебное пособие призвано не только дать студенту определенную сумму знаний по описываемым сюжетам, но и вести его по пути исследовательского политического и социально-экономического анализа. Учебное пособие подготовлено на кафедре истории и регионоведения ТПУ и предназначено для студентов дневного отделения гуманитарного факультета по специальности «Регионоведение».
Idioma:rus
Publicat: Томск, Изд-во ТПУ, 2007
Col·lecció:Учебники Томского политехнического университета
Matèries:
Format: MixedMaterials Llibre
KOHA link:https://koha.lib.tpu.ru/cgi-bin/koha/opac-detail.pl?biblionumber=113636

MARC

LEADER 00000nam0a2200000 4500
001 113636
005 20231101215135.0
035 |a (RuTPU)RU\TPU\book\122898 
090 |a 113636 
100 |a 20070413d2007 m y0rusy50 ca 
101 0 |a rus 
102 |a RU 
105 |a y j 001zy 
200 1 |a Международные интеграционные процессы и международные организации  |e учебное пособие  |f В. А. Черный  |g Томский политехнический университет 
210 |a Томск  |c Изд-во ТПУ  |d 2007 
215 |a 54 с. 
225 1 |a Учебники Томского политехнического университета 
320 |a Библиогр.: с. 51-52. 
330 |a Предлагаемое читателю учебное пособие включает основные темы курса «Международные интеграционные процессы и международные организации». В нем отражено многообразие концептуальных подходов различных исследователей по рассматриваемым проблемам. Данное учебное пособие призвано не только дать студенту определенную сумму знаний по описываемым сюжетам, но и вести его по пути исследовательского политического и социально-экономического анализа. Учебное пособие подготовлено на кафедре истории и регионоведения ТПУ и предназначено для студентов дневного отделения гуманитарного факультета по специальности «Регионоведение». 
606 |a Международные отношения  |z 20 в.  |z 21 в.  |2 stltpush  |3 (RuTPU)RU\TPU\subj\41935  |9 61703 
606 |a Международные организации  |x Политика  |2 stltpush  |3 (RuTPU)RU\TPU\subj\41932  |9 61700 
610 1 |a политика 
610 1 |a международная интеграция 
610 1 |a мироустройство 
610 1 |a АТР 
610 1 |a Азиатско-Тихоокеанский регион 
610 1 |a учебные пособия 
686 |a Ф4(0)  |v LBC/SL-A  |2 rubbk 
686 |a Ф4(0)6я73  |v LBC/SL-A  |2 rubbk 
700 1 |a Черный  |b В. А.  |c историк  |c доцент Томского политехнического университета, кандидат исторических наук  |f 1960-  |g Виктор Алексеевич  |2 stltpush  |3 (RuTPU)RU\TPU\pers\26635 
712 0 2 |a Томский политехнический университет  |z 1991-  |2 stltpush  |3 (RuTPU)RU\TPU\col\376 
801 1 |a RU  |b 63413507  |c 20070413  |g PSBO 
801 2 |a RU  |b 63413507  |c 20201117  |g PSBO 
900 |a Современные международные отношения 
900 |a Международные интеграционные процессы и международные организации 
942 |c BK